000 00706nam a2200217Ii 4500
003 JO-AjNU
008 230605s9999||||xx |||||||||||||| ||und||
017 _a1997/6/694
040 _aJO-AjNU
_bara
_erda
_cJO-AjNU
041 _aara
050 1 4 _aK5087.1998
100 3 _a عبيد، موفق علي ,
_eauthor
_947196
245 0 0 _aالمسؤولية الجزائية للأطباء عن إفشاء السر المهني
250 _aط1
264 3 1 _aعمان : مكتبة دار الثقافة ، 1997
300 _a190ص
336 _atext
_btxt
_2rdacontent
337 _aunmediated
_bn
_2rdamedia
338 _avolume
_bnc
_2rdacarrier
650 4 _aقانون -- قانون جنائي
_947197
999 _aA20586
_c24154
_d24154